000 00929cam a2200217 a 4500
001 vtls003026220
003 MY-SjTCS
005 20200306163233.0
008 060220s2004 000 0 eng d
039 9 _a201904230945
_bshuhada
_c200905140902
_dshuhada
_y200602201520
_zfadilah
082 0 4 _aD209
100 1 _aWang, Nai Xi.
_920982
245 1 0 _aSustainable tourism management of natural heritages in China a case study of Huangshan mountain scenic area, Anhui /
_cWang Nai Xi.
260 _c2004.
300 _a[70] p. ;
_c30 cm.
502 _aDissertation (Bachelor of Hospitality and Tourism Management) - Universite De Toulouse Le Mirail, 2004.
610 2 0 _aTaylor's University (Subang Jaya, Selangor, Malaysia)
_xDissertations.
_960301
650 0 _aDissertations, Academic
_xUniversite De Toulouse Le Mirail.
_xTourism Specialization
_y2004.
_9229793
650 0 _aDissertations, TCHT.
_9229794
920 _aTCHT : D209
999 _c40402